Supporting Me Lyrics (Sonic Adventure 2) - Statistics

General Stats
  • This quiz has been taken 13 times
  • The average score is 73 of 90
Answer Stats
Answer % Correct
me
100%
me…
100%
me…
100%
me…
100%
supporting
100%
supporting
100%
supporting
100%
you,
100%
you
100%
An
88%
I
88%
I
88%
I
88%
I
88%
I
88%
I
88%
It
88%
light,
88%
Never
88%
Never
88%
never
88%
Never
88%
never
88%
never
88%
pressure,
88%
shadow
88%
the
88%
The
88%
the
88%
to
88%
to
88%
To
88%
air
75%
be
75%
be
75%
be
75%
before
75%
before
75%
believe
75%
breathed
75%
but
75%
but
75%
confidence
75%
darkness,
75%
desperate…
75%
disgusting
75%
everything’s
75%
farewell
75%
future,
75%
gonna
75%
hand
75%
have
75%
hurry…
75%
hurry…
75%
hurry…
75%
I’ll
75%
I’ll
75%
illusion,
75%
I’m
75%
in
75%
in
75%
just
75%
know
75%
Lead
75%
like
75%
live,
75%
long,
75%
long
75%
lose…
75%
lose…
75%
lose
75%
lose…
75%
lose…
75%
lose
75%
losing
75%
losing
75%
my
75%
my
75%
my
75%
need
75%
now
75%
of
75%
out
75%
out
75%
place
75%
was
75%
with
75%
your
75%
your
75%
your
75%
No matching quizzes found
Score Distribution
Percent of People with Each Score
Percentile by Number Answered
Your Score History
You have not taken this quiz